Normal view MARC view

Entry Personal Name

Number of records used in: 1

001 - CONTROL NUMBER

  • control field: 1565

003 - CONTROL NUMBER IDENTIFIER

  • control field: OSt

005 - DATE AND TIME OF LATEST TRANSACTION

  • control field: 20110422134738.0

008 - FIXED-LENGTH DATA ELEMENTS

  • fixed length control field: 110422|||a|||||| | ||| d

040 ## - CATALOGING SOURCE

  • Original cataloging agency: OSt
  • Transcribing agency: OSt

100 ## - HEADING--PERSONAL NAME

  • Personal name: Sheridan, L. A.
  • Fuller form of name: (Lionel Astor),
  • Relator term: joint author.

670 ## - SOURCE DATA FOUND

  • Source citation: Work cat.: (OSt)0: Hayton, D. J., 1563, The law of trusts :, 2003.